<?xml version="1.0" encoding="UTF-8"?>
<record
    xmlns:xsi="http://www.w3.org/2001/XMLSchema-instance"
    xsi:schemaLocation="http://www.loc.gov/MARC21/slim http://www.loc.gov/standards/marcxml/schema/MARC21slim.xsd"
    xmlns="http://www.loc.gov/MARC21/slim">

  <leader>03567nam a22002777a 4500</leader>
  <controlfield tag="003">DO-SdBJH</controlfield>
  <controlfield tag="005">20260630212125.0</controlfield>
  <controlfield tag="008">260630b2025    |||||||| |||| 00| 0 spa d</controlfield>
  <datafield tag="040" ind1=" " ind2=" ">
    <subfield code="a">DO-SdBJH</subfield>
    <subfield code="b">spa</subfield>
    <subfield code="c">DO-SdBJH</subfield>
  </datafield>
  <datafield tag="041" ind1="0" ind2=" ">
    <subfield code="a">spa</subfield>
  </datafield>
  <datafield tag="090" ind1=" " ind2=" ">
    <subfield code="a">CT CM-0006</subfield>
    <subfield code="b">AMBC 2025</subfield>
  </datafield>
  <datafield tag="100" ind1="1" ind2=" ">
    <subfield code="a">Eusebio Sierra, Jos&#xE9; Manuel</subfield>
    <subfield code="e">sustentante</subfield>
  </datafield>
  <datafield tag="245" ind1="1" ind2="0">
    <subfield code="a">Propuesta del proceso de selecci&#xF3;n de personal basado en meritocracia para las Unidades Operativas de la Segunda Brigada de Infanter&#xED;a del ERD /</subfield>
    <subfield code="c">Jos&#xE9; Manuel Eusebio Sierra, Ariel Mej&#xED;a Mej&#xED;a ; asesor de contenido V&#xE1;squez Rojas ; asesora metodol&#xF3;gica Dominga M&#xE9;ndez.</subfield>
  </datafield>
  <datafield tag="260" ind1=" " ind2=" ">
    <subfield code="a">Santo Domingo, Rep&#xFA;blica Dominicana :</subfield>
    <subfield code="b">UNADE,</subfield>
    <subfield code="c">2025.</subfield>
  </datafield>
  <datafield tag="300" ind1=" " ind2=" ">
    <subfield code="a">xvi, 106 p&#xE1;ginas.</subfield>
  </datafield>
  <datafield tag="502" ind1=" " ind2=" ">
    <subfield code="a">Tesis y trabajos de grado (Licenciatura en Ciencias Militares)--Universidad Nacional para la Defensa "General Juan Pablo Duarte y D&#xED;ez", Academia Militar "Batalla de las Carreras", Santo Domingo, 2025.</subfield>
  </datafield>
  <datafield tag="504" ind1=" " ind2=" ">
    <subfield code="a">Incluye referencias bibliogr&#xE1;ficas y anexos.</subfield>
  </datafield>
  <datafield tag="505" ind1=" " ind2=" ">
    <subfield code="a">Limitaciones actuales en el proceso de selecci&#xF3;n de personal de la segunda Brigada de Infanter&#xED;a del ERD que impiden la implementaci&#xF3;n de un enfoque basado en la meritocracia -- Impacto de la falta de un sistema meritocr&#xE1;tico en la eficiencia operativa y la moral del personal en las unidades operativas de la segunda Brigada de Infanter&#xED;a del ERD -- Propuesta del proceso de selecci&#xF3;n de personal basado en meritocracia para las unidades operativas de la segunda Brigada de Infanter&#xED;a del ERD.</subfield>
  </datafield>
  <datafield tag="520" ind1=" " ind2=" ">
    <subfield code="a">La presente propuesta tiene como objetivo central desarrollar un proceso de selecci&#xF3;n de personal fundamentado en criterios meritocr&#xE1;ticos para las Unidades Operativas de la Segunda Brigada de Infanter&#xED;a del Ejercito de Rep&#xFA;blica Dominicana (ERD). La iniciativa surge ante la necesidad de mejorar la eficacia, equidad y transparencia en la asignaci&#xF3;n de recursos humanos  dentro de la instituci&#xF3;n militar. El diagnostico inicial evidencio limitaciones importantes en el proceso actual de selecci&#xF3;n, tales como la ausencia de criterios objetivos, la influencia de factores subjetivos y la falta de sistemas tecnol&#xF3;gicos que respalden la evaluaci&#xF3;n justa del personal. Estos elementos han afectado la moral del cuerpo militar, as&#xED; como su desempe&#xF1;o operativo. En respuesta a esta problem&#xE1;tica, la propuesta plantea la implementaci&#xF3;n de un modelo integral de selecci&#xF3;n basado en el merito, donde se valoren el desempe&#xF1;o individual, la preparaci&#xF3;n acad&#xE9;mica, las competencias f&#xED;sicas y psicol&#xF3;gicas la conducta militar. El proceso contempla fases claras de diagnostico, dise&#xF1;o, capacitaci&#xF3;n, ejecuci&#xF3;n y evaluaci&#xF3;n, con un enfoque t&#xE9;cnico &#xE9;tico. Tambi&#xE9;n se considera un marco legal solido, un sistema de gesti&#xF3;n de sistema digital del talento humano, mecanismos log&#xED;sticos eficientes y la capacitaci&#xF3;n constante del personal evaluado. Con ello, se busca garantizar la transparencia, la justicia institucional y la excelencia operativa en la conformaci&#xF3;n del cuerpo militar de la Segunda Brigada de Infanter&#xED;a del ERD.</subfield>
  </datafield>
  <datafield tag="650" ind1=" " ind2="7">
    <subfield code="2">lemb</subfield>
    <subfield code="a">Personal militar</subfield>
    <subfield code="v">Tesis y disertaciones acad&#xE9;micas</subfield>
    <subfield code="x">Selecci&#xF3;n</subfield>
    <subfield code="x">Evaluaci&#xF3;n del desempe&#xF1;o</subfield>
    <subfield code="y">Siglo XXI</subfield>
    <subfield code="z">Rep&#xFA;blica Dominicana</subfield>
  </datafield>
  <datafield tag="650" ind1=" " ind2="7">
    <subfield code="2">lemb</subfield>
    <subfield code="a">Ej&#xE9;rcito de Rep&#xFA;blica Dominicana</subfield>
    <subfield code="v">Tesis y disertaciones acad&#xE9;micas</subfield>
    <subfield code="x">Administraci&#xF3;n de personal</subfield>
    <subfield code="x">Meritocracia</subfield>
    <subfield code="y">Siglo XXI</subfield>
    <subfield code="z">Rep&#xFA;blica Dominicana</subfield>
  </datafield>
  <datafield tag="700" ind1="1" ind2=" ">
    <subfield code="a">Ariel Mej&#xED;a Mej&#xED;a ; </subfield>
    <subfield code="e">sustentante</subfield>
  </datafield>
  <datafield tag="700" ind1="1" ind2=" ">
    <subfield code="a">V&#xE1;squez Rojas</subfield>
    <subfield code="e">asesor de contenido</subfield>
  </datafield>
  <datafield tag="700" ind1="1" ind2=" ">
    <subfield code="a">M&#xE9;ndez, Dominga</subfield>
    <subfield code="e">asesora metodol&#xF3;gica</subfield>
  </datafield>
  <datafield tag="942" ind1=" " ind2=" ">
    <subfield code="2">CL</subfield>
    <subfield code="c">T</subfield>
  </datafield>
  <datafield tag="999" ind1=" " ind2=" ">
    <subfield code="c">8732</subfield>
    <subfield code="d">8732</subfield>
  </datafield>
  <datafield tag="952" ind1=" " ind2=" ">
    <subfield code="0">0</subfield>
    <subfield code="1">0</subfield>
    <subfield code="2">CL</subfield>
    <subfield code="4">0</subfield>
    <subfield code="7">0</subfield>
    <subfield code="8">TG</subfield>
    <subfield code="a">BJHA</subfield>
    <subfield code="b">BJHA</subfield>
    <subfield code="c">GEN</subfield>
    <subfield code="d">2026-06-30</subfield>
    <subfield code="i">25-02590</subfield>
    <subfield code="l">0</subfield>
    <subfield code="o">CT CM-0006 AMBC 2025</subfield>
    <subfield code="p">25-02590</subfield>
    <subfield code="r">2026-06-30 14:59:55</subfield>
    <subfield code="t">e.1</subfield>
    <subfield code="w">2026-06-30</subfield>
    <subfield code="y">T</subfield>
  </datafield>
</record>
